Quizzes
Events
Quiz Creation
Community
Videos
Private Events
Remove Ads
Sign In
Join for FREE
Feedback
Dark Mode
Quiz Categories
Sports
Geography
Music
Movies
Television
Just For Fun
Miscellaneous
History
Literature
Language
Science
Gaming
Entertainment
Religion
Holiday
For Kids
Quiz Lab
Recent
Popular Today
Quiz Kudos Today
Editor Picks
Curator Picks
Quizzes by...
Day
Popularity
Type
Ratings
Length
Year
Community
Subscriptions
Recent Discussions
Orange Saloon
Badges
Playlists
Quests
Create
Leaderboards
Showdown
Live 5
Trivia Bingo
Activity
Puzzle Library
Sporcle Events
Private Events
Virtual Trivia
Globe League
Become a Host
Pub Owners
SporcleCon
Opinionation
Our Games
Videos
Blog
Mobile Apps
Partnerships
Remove Ads and Go Orange
Feedback
Gaming
Video Games
Board Games
Card Games
Pokémon
Mario
Nintendo
Minecraft
Console
Toys
Legend of Zelda
Gaming
Video Games
Board Games
Card Games
Pokémon
Mario
Nintendo
Minecraft
Console
Toys
Legend of Zelda
Random Quiz
Search Sporcle
×
Quiz Lab
Quiz Lab
Gaming
Fox
Type in answers that appear in a list
Type in answers that appear in a list
Classic
Best Score? Go Orange.
Star Fox Bosses Stats
Can you name the Star Fox Bosses?
By
SirSonic
10m
61 Questions
72 Plays
72 Plays
72 Plays
Comments
Comments
Give Quiz Kudos
Give Quiz Kudos
-
- Ratings
hide this ad
Replay
Link that replays current quiz
Next Quiz
Link to next quiz in quiz playlist
You Got
0%
They Got
Avg Score
51%
Avg Friend Score
Upgrade to see
Score Distribution
Jump to the score distribution portion of the page
Score
0/61
Timer
10:00
0
Plays Today
Game
Answer
% Correct
Star Fox
Andross
83.3%
Star Fox 64
Andross
83.3%
Star Fox Adventures
Andross
83.3%
Star Fox Assault
Pigma Dengar
81.9%
Star Fox Command
Pigma Dengar
81.9%
Star Fox 64
Star Wolf
80.6%
Star Fox 64
Wolfen II
80.6%
Star Fox Assault
Star Wolf
80.6%
Star Fox Command
Star Wolf
80.6%
Star Fox
Attack Carrier
72.2%
Star Fox 64
Attack Carrier
72.2%
Star Fox Command
Death Crab
61.1%
Star Fox
Rock Crusher
59.7%
Star Fox 64
Granga
59.7%
Star Fox 64
Meteo Crusher
59.7%
Star Fox 64
Mechbeth
58.3%
Star Fox Assault
Aparoid Queen
58.3%
Star Fox 64
Sarumarine
56.9%
Star Fox Assault
Andrew Oikonny
56.9%
Star Fox 64
Spyborg
55.6%
Star Fox 64
Golemech
55.6%
Star Fox Assault
General Pepper
55.6%
Star Fox 64
Bolse Core
54.2%
Star Fox 64
Vulcain
54.2%
Star Fox 64
Copperheads
54.2%
Star Fox 64
Gorgon
54.2%
Star Fox
Destructor
52.8%
Star Fox 64
Saucerer
52.8%
Star Fox 64
Bacoon
52.8%
Star Fox 64
Shogun
52.8%
Star Fox 64
Goras
51.4%
Game
Answer
% Correct
Star Fox
Atomic Core
50%
Star Fox
Monarch Dodora
50%
Star Fox Command
Monarch Dodora
50%
Star Fox
Dancing Insector
47.2%
Star Fox
Phantron
45.8%
Star Fox
Professor Hangar
45.8%
Star Fox
Plasma Hydra
45.8%
Star Fox
Blade Barrier
45.8%
Star Fox
Great Commander
44.4%
Star Fox Command
Emperor Anglar
44.4%
Star Fox
Atomic Base II
41.7%
Star Fox
Spinning Core
41.7%
Star Fox
Metal Smasher
40.3%
Star Fox
Galactic Riders
40.3%
Star Fox Adventures
King RedEye
38.9%
Star Fox Adventures
Drakor
38.9%
Star Fox Assault
Aparoid Moth
38.9%
Star Fox Assault
Aparoid Spider
37.5%
Star Fox Adventures
Galdon
36.1%
Star Fox Assault
Climate Control Center
33.3%
Star Fox Command
Killer Bee
33.3%
Star Fox Command
Grunner
31.9%
Star Fox Command
Splitter
30.6%
Star Fox Command
Dune Worm
30.6%
Star Fox Command
Devil Shark
29.2%
Star Fox Command
Octopod
29.2%
Star Fox Command
Biobrain
27.8%
Star Fox Command
Arrow Head
27.8%
Star Fox Command
Zazanga9
26.4%
Star Fox Command
Solar Satellite
18.1%
Quiz Playlist
Details
Report
Send in Message
Add To Playlist
Classic:
Type in answers that appear in a list
Last Updated: Feb 16, 2017
Quiz Scoreboard
CHALLENGE
Sign Up to Join the Scoreboard
Show All
Scores
Hide
Comments
May contain spoilers
Recently Published
Movies - When Are They Set?
by FPL_Elf
Movies
5m
Popular People in 1961
by mucciniale
History
6m
1-10 Letter E Words III
by El_Dandy
Language
2m
More to Explore
Quiz From the Vault
Featured Blog Post
Where Did the Easter Bunny Come From?
hide this ad
You Might Also Like...
Tags
Fox
planet
sector
star
Today's Top Quizzes in Gaming
Browse Gaming
hide this ad
Today's Top Quizzes in Fox
Browse Fox
Top Contributed Quizzes in Gaming
1
Destiny 2 exotic weapons by perk icons
2
Who's on the WWE 2K24 Cover?
3
Windmill: Pokémon
4
Overwatch 2 Heroes by Selection Quote
5
Genshin murder mystery
6
Overwatch 2: Ultimate Ability Icons
7
Franchise by Action Figure
8
Legendary or Exotic?
9
Genshin Impact Logic Puzzle
10
Genshin Impact Logic Puzzle Quiz
Explore More
Trending Topics
Harry Potter
Marvel
Crossword
Anime
Disney
NBA
Kpop
Pokémon
Song
Puzzle
NFL
Country
Soccer
WWE
The Office
hide this ad
More By:
SirSonic
Quiz
Plays
Rating
Category
Featured
Created
The Flash (2014) Villains
546
3.00
Television
Oct 15, 2015
Jumanji: Welcome to the Jungle Characters
383
4.50
Movies
Mar 5, 2018
Sonic Final Bosses
331
2.00
Gaming
Jul 4, 2015
NCIS Villains
270
Television
Feb 23, 2016
Looney Tunes: Real or Fake?
245
4.67
Just For Fun
Jun 8, 2015
Go to Creator's Profile
Score Distribution
Quiz Creator Spotlight
SirSonic
Follow
Send a Message
Quizzes Created
-
Created Quiz Play Count
-
More By This Creator
Popular Quizzes Today
1
Find the US States - No Outlines Minefield
2
Find the Countries of Europe - No Outlines Minefield
3
The Countries of the World
4
Popular People in 1961
5
1-10 Letter E Words III
6
US States
7
Find the US States
8
One Thing in Common: World Cities II
More Gaming Quizzes
Bloons Tower Defense 6 Heroes
Quiz Lab
Trending Quizzes
Risky Map Clicking: Least Populous States A-Z
1-10 Letter F Words
1-10 Letter G Words
One Thing in Common: United Kingdom
Risky Map Clicking: Next State Alphabetically
Recently Updated
Leaping Animals
pecheneg
Reality TV Shows (A-Z)
bhenderson79
Rickey Henderson's Hall of Fame Teammates
pecheneg
Champions League XIs: Arsenal
pecheneg
Quick Pick: Celebrities in WWE's Hall of Fame
aduchscher
A-Z Keypad Blitz II
pecheneg
Multiple Oscar Actors
pecheneg
Mystery Phrase Blitz: Oscar 'Best Actors'
pecheneg
F. Scott Fitzgerald Novels
LTH
Pick 3 Villains
ddd62291
Trending Topics
Crossword
Anime
NBA
Marvel
Kpop
Harry Potter
Disney
The Office
Song
NFL
Country
Pokémon
WWE
Puzzle
Soccer
Your Account Isn't Verified!
In order to create a playlist on Sporcle, you need to verify the email address you used during registration. Go to your
Sporcle Settings
to finish the process.
Report this User
Report this user for behavior that violates our
Community Guidelines
.
Details:
Send Report
Go to the Sporcle.com Mobile Site →
Comments